[Event "303rd YMCA Spring D"]
[Site "Warsaw"]
[Date "2025.06.24"]
[Round "11"]
[White "Momot, Glib"]
[Black "Kumik, Michal"]
[Result "1/2-1/2"]
[WhiteElo "1608"]
[BlackElo "1553"]
[PlyCount "44"]
[EventDate "2025.04.22"]
[EventType "tourn"]
[EventRounds "1"]
[EventCountry "POL"]
[SourceDate "2025.04.22"]

1. e4 c6 2. d4 d5 3. exd5 cxd5 4. Bd3 Nc6 5. c3 g6 6. h3 Bg7 7. Nf3 Nh6 8. Bf4
O-O 9. O-O f6 10. Bh2 e5 11. dxe5 fxe5 12. Bc2 e4 13. Nd4 Nxd4 14. cxd4 Qg5 15.
Kh1 Nf5 16. Bb3 Be6 17. Nc3 Rad8 18. Nxe4 dxe4 19. Bxe6+ Kh8 20. Bxf5 Rxf5 21.
Qc2 Bxd4 22. Qxe4 Bxb2 $11 1/2-1/2